Statistics for Final Fantasy 7 Characters

Click here to take the quiz!

General Stats

  • This quiz has been taken 479 times
  • The average score is 17 of 27

Answer Stats

Hint Answer % Correct
ProtagonistCloud Strife
99%
MajorTifa Lockhart
97%
MajorBarret Wallace
96%
AntagonistSephiroth
96%
MajorAerith Gainsborough
95%
MajorCid Highwind
94%
MajorRed XIII
92%
MajorVincent Valentine
92%
MajorYuffie Kisaragi
90%
MajorCait Sith
88%
MajorRufus Shinra
79%
MajorReno
70%
MajorRude
68%
MajorHojo
66%
MajorJenova
63%
MinorZack Fair
63%
MajorElena
60%
MajorTseng
58%
MinorMarlene Wallace
54%
MinorWedge
37%
MinorBiggs
35%
MinorScarlet
35%
MajorReeve Tuesti
27%
MinorHeidegger
24%
MinorBugenhagen
20%
MinorLucrecia Crescent
17%
MinorZangan
4%

Score Distribution

Percentile by Number Answered

Percent of People with Each Score

Your Score History

You have not taken this quiz